What To Expect When You're Expecting: Most Common Words Quiz Stats

 Plays Quiz Updated Nov 22, 2016

Challenge
Share
Tweet
Embed
Score 0/250 Timer 15:00
3 Plays Today
Frequency Word % Correct
7,075A
95%
11,099The
93.4%
470I
92.9%
1,614Baby
89.5%
5,214You
86.4%
1,025An
85%
8,278To
84.1%
3,021Be
81%
200He
78.9%
4,147In
78.6%
623Do
78.4%
1,175When
76.7%
7,269And
75.8%
3,011Is
74.4%
705What
73.7%
2,057On
73.7%
2,296It
72.1%
534No
70.9%
304She
70.4%
6,742Your
69.3%
5,955Of
67.8%
3,061For
67.2%
2,142Can
66.4%
257Go
65.5%
850So
64.3%
1,918Are
64%
517Her
60.2%
1,298Not
60.1%
1,396Will
59.2%
2,588If
58.7%
539Who
57.2%
406How
56.4%
494They
56%
3,214That
54.7%
751One
54.6%
1,433Have
53.1%
2,095As
52.2%
338Two
51.9%
533Pregnant
50.3%
183Then
49.8%
1,357You're
49.7%
435There
49.5%
342Birth
49.2%
878From
48.9%
1,293At
48.8%
863This
48.7%
4,141Or
48%
1,236But
48%
586Too
47.6%
980Up
47%
315Day
46.8%
176Three
45.8%
347Should
45.5%
170Month
44.9%
164Hospital
44.9%
211Can't
43.5%
833All
43.2%
706Don't
42.9%
440Their
42.9%
683Time
42.4%
645Out
42.3%
156Expecting
41.8%
281My
41.1%
972Some
40%
2,202With
40%
459See
39.8%
464Has
39.6%
376Down
38.6%
246Had
38.4%
583First
38.3%
365Like
38.2%
789By
37.4%
373Pain
37.1%
232Over
36.9%
831It's
36.3%
184Its
36.3%
1,731Pregnancy
36.1%
438Them
35.8%
649Get
35.4%
243Won't
34.9%
263Every
34%
405Feel
33.9%
255Uterus
33.7%
200Week
33.4%
Frequency Word % Correct
714Than
33.3%
171Second
32.8%
199Give
32.2%
169Water
32.1%
171Months
32.1%
1,490More
31.9%
492Take
31.3%
581After
31.3%
419Good
31%
300Off
30.9%
174Does
30.9%
523Any
30.9%
1,538May
30.7%
575Just
30.6%
470Because
30.5%
231Want
30.4%
213Milk
29.8%
389Been
29.6%
276Know
29.5%
549Before
29.1%
417Into
28.9%
687Labor
28.3%
162Bed
28.2%
172Belly
28.1%
171Come
28%
374Now
27.7%
184Trimester
27.6%
388Blood
27.6%
169Fetus
27.6%
542Make
27.4%
554Those
26.9%
169Woman
26.9%
225Days
26.8%
389These
26.7%
555Most
26.4%
174Going
25.9%
307Weeks
25.8%
220New
25.5%
849About
25.1%
365Many
25.1%
295Weight
24.7%
270Babies
24%
211Head
23.5%
186They're
23.4%
431Might
23.1%
380Need
23.1%
394Back
22.9%
276Right
22.5%
316Very
22.4%
175Home
22.3%
526Though
21.9%
390Well
21%
367Try
20.8%
248Best
20.5%
603Help
20%
158Life
20%
629Other
19.7%
332Way
19.7%
746Even
19.7%
306Little
19.5%
286Body
19.5%
427Only
19.4%
674Which
19.3%
177Rest
19.2%
361Much
19.1%
265Isn't
18.6%
643Women
18.6%
246Care
18.5%
189Always
18.3%
299Through
18.2%
168Last
17.8%
197Without
17.7%
593Delivery
17.6%
169Placenta
17.5%
219Contractions
17.4%
207Work
17.2%
195Around
17.2%
202Being
17.1%
664You'll
16.7%
228Ask
16.7%
816Also
16.5%
211Feeling
15.4%
329Use
15.4%
159Call
15.3%
Frequency Word % Correct
290Less
15.3%
197Exercise
15%
329Find
15%
486Keep
14.7%
163End
14.5%
287Doesn't
14.4%
206Better
14.3%
408You've
14.1%
170Healthy
13.8%
241Long
13.6%
166Each
13.3%
240Once
13.2%
182Gain
12.8%
371While
12.5%
156Again
12.3%
195Test
12.2%
256Few
12.1%
164Lot
12%
158Hours
11.4%
242Until
11.4%
233Start
11.2%
184Eating
11%
170Side
10.5%
158Ultrasound
10.2%
413Sure
9.6%
199Another
9.4%
250Having
9.3%
339Still
9.1%
280Often
9.1%
294That's
8.9%
829During
8.8%
199Yourself
8.7%
168Sometimes
8.7%
176Used
8.5%
201Check
8.1%
297Getting
8.1%
252Normal
7.7%
166Between
7.7%
164Cause
7.6%
172Become
7.5%
167Breastfeeding
7.2%
363Such
7.2%
194Since
7.1%
269There's
7%
463Baby's
6.9%
176Pressure
6.9%
249Both
6.7%
310Early
6.5%
227Least
6.3%
170Mind
6.2%
200Taking
6.1%
201Enough
6.1%
177Prenatal
6.1%
175Important
6%
185Making
6%
245Able
5.4%
205Experience
5.3%
240Safe
4.7%
165Childbirth
4.5%
160Others
4.4%
169Whether
4.3%
163Foods
4.1%
224Common
4%
195Fetal
3.8%
288Usually
3.5%
221Possible
3.2%
347Likely
3.1%
198Expectant
3.1%
735Practitioner
3%
161Position
2.9%
235Postpartum
2.8%
329Probably
2.6%
185Already
2.6%
322Symptoms
2.5%
179Avoid
2.3%
310Page
2%
174Extra
1.9%
351Risk
1.9%
168Instead
1.5%
179Infection
1.2%
275Especially
1.2%
161Condition
1.2%

You're not logged in!

Compare scores with friends on all Sporcle quizzes.
Join for Free
OR
Log In

You Might Also Like...

Show Comments

Extras

Top Quizzes Today


Score Distribution

Your Account Isn't Verified!

In order to create a playlist on Sporcle, you need to verify the email address you used during registration. Go to your Sporcle Settings to finish the process.

Report this User

Report this user for behavior that violates our Community Guidelines.

Details: